[Event "Malaysian Open"]
[Site "Kuala Lumpur MAS"]
[Date "2011.08.23"]
[Round "8.23"]
[White "Lei, Tingjie"]
[Black "Laylo, Darwin"]
[Result "1/2-1/2"]
[BlackTitle "GM"]
[WhiteElo "2061"]
[BlackElo "2528"]
[WhiteFideId "8605114"]
[BlackFideId "5201330"]
[EventDate "2011.08.18"]

1. Nf3 Nf6 2. g3 d5 3. Bg2 g6 4. O-O Bg7 5. d4 O-O 6. c4 dxc4 7. Na3 c3 8. bxc3
c5 9. e3 Nc6 10. Qe2 Bf5 11. Rd1 Be4 12. Bb2 Qb6 13. Nc4 Qa6 14. Bf1 cxd4 15.
cxd4 Rac8 16. Nfd2 Na5 17. Nxa5 Qxa5 18. Nxe4 Nxe4 19. Rd3 Rc7 20. Ra3 Qb6 21.
Rb3 Qe6 22. Rc1 Rxc1 23. Bxc1 Rc8 24. Ba3 b6 25. Qb2 h5 26. h4 Rc7 27. Qe2 Qf5
28. Bb2 Nd6 29. Rc3 Rxc3 30. Bxc3 Bf6 31. Bg2 Qb1+ 32. Kh2 Nb5 33. Bb2 Nc7 34.
a4 Qf5 35. e4 Qd7 36. e5 Bg7 37. Qc4 e6 38. Qc6 Qxc6 39. Bxc6 Bf8 40. Bc3 Nd5
41. Bd2 Ba3 42. Kg2 Bb2 43. Be3 Nb4 44. Be4 a6 45. Kf1 b5 46. axb5 axb5 47. Ke2
Nd5 48. Kd2 Bc3+ 49. Kd3 Nxe3 50. Kxe3 Kf8 51. Bc6 1/2-1/2

[Event "Malaysian Open"]
[Site "Kuala Lumpur MAS"]
[Date "2011.08.23"]
[Round "8.24"]
[White "Ong, Way Justin"]
[Black "Cheng, Bobby"]
[Result "0-1"]
[BlackTitle "FM"]
[WhiteElo "2041"]
[BlackElo "2323"]
[WhiteFideId "5703565"]
[BlackFideId "4300033"]
[EventDate "2011.08.18"]

1. e4 e6 2. d4 d5 3. e5 c5 4. Nf3 Nc6 5. dxc5 Bxc5 6. Bd3 Nb4 7. O-O Nxd3 8.
cxd3 Ne7 9. Nbd2 Bd7 10. a4 a5 11. Nb3 Bb4 12. Nbd4 O-O 13. Be3 Nc6 14. Nxc6
Bxc6 15. Nd4 Bd7 16. f4 Bc5 17. Nc2 Bxe3+ 18. Nxe3 Qb6 19. Qd2 Qd4 20. Kh1 Bxa4
21. f5 Bb5 22. f6 gxf6 23. exf6 Kh8 24. Rad1 Rg8 25. Nc2 Qh4 26. Ne1 Rg6 27. Qc3
d4 28. Qc7 Bc6 29. Qxf7 Rag8 30. Qc7 Rxg2 0-1

[Event "Malaysian Open"]
[Site "Kuala Lumpur MAS"]
[Date "2011.08.23"]
[Round "8.25"]
[White "Lee, Kai Jie Edward"]
[Black "Kojima, Shinya"]
[Result "1/2-1/2"]
[BlackTitle "FM"]
[WhiteElo "2008"]
[BlackElo "2300"]
[WhiteFideId "5802920"]
[BlackFideId "7000812"]
[EventDate "2011.08.18"]

1. e4 c6 2. d4 d5 3. Nc3 dxe4 4. Nxe4 Bf5 5. Ng3 Bg6 6. h4 h6 7. Nf3 Nd7 8. h5
Bh7 9. Bd3 Bxd3 10. Qxd3 e6 11. Bd2 Ngf6 12. O-O-O Be7 13. Ne4 Nxe4 14. Qxe4 Nf6
15. Qe2 Qd5 16. c4 Qe4 17. Qxe4 Nxe4 18. Be3 Nd6 19. b3 b5 20. c5 Ne4 21. Ne5
Nc3 22. Rd2 Rc8 23. Rc2 Nd5 24. Kd2 O-O 25. a4 a6 26. axb5 axb5 27. Ra2 Bf6 28.
Nd7 Rfd8 29. Ra7 Bxd4 30. Bxd4 Rc7 31. Nf6+ gxf6 32. Rxc7 Nxc7 33. Ke3 e5 34.
Bb2 Nd5+ 35. Ke4 Nf4 36. Bc1 Rd4+ 37. Kf5 Kg7 38. Be3 Rb4 39. Rh4 Nd5 40. Rxb4
Nxb4 41. g4 Nc2 42. Ke4 Nb4 43. Kf5 Nd5 44. Bd2 Nc7 45. b4 Ne6 46. Be3 Nd4+ 47.
Ke4 Ne2 48. Kd3 Ng1 49. Ke4 Ne2 1/2-1/2

[Event "Malaysian Open"]
[Site "Kuala Lumpur MAS"]
[Date "2011.08.23"]
[Round "8.28"]
[White "Zulfic, Fedja"]
[Black "Cheah, Cheok Fung"]
[Result "0-1"]
[WhiteElo "2098"]
[BlackElo "2008"]
[WhiteFideId "3208427"]
[BlackFideId "5703271"]
[EventDate "2011.08.18"]

1. d4 Nf6 2. c4 e6 3. Nc3 Bb4 4. a3 Bxc3+ 5. bxc3 O-O 6. f3 d6 7. e4 e5 8. Bd3
c5 9. Ne2 Nc6 10. O-O h6 11. Be3 b6 12. d5 Ne7 13. g4 Nh7 14. Ng3 Ng6 15. Kh1
Kh8 16. Rf2 Ng5 17. Qf1 Nh4 18. h3 Ng6 19. Raa2 Bd7 20. Rh2 Nh4 21. Raf2 f6 22.
f4 Nf7 23. Qg1 exf4 24. Bxf4 Ng6 25. Nh5 Nfe5 26. Be2 Qe7 27. Qc1 Kh7 28. Kg1
Rab8 29. Ng3 a6 30. Nf5 Bxf5 31. gxf5 Nxf4 32. Rxf4 b5 33. Rg2 bxc4 34. Rh4 Rb7
35. Qe3 Rb1+ 36. Kh2 Rfb8 37. Qg3 R1b2 38. a4 a5 39. Kh1 Ra2 40. Kh2 Qf7 41. Bh5
Rxg2+ 42. Qxg2 Qb7 43. Bg6+ Kg8 44. Bh5 Qb2 45. Be2 Qxc3 46. Kh1 Qe1+ 0-1

[Event "Malaysian Open"]
[Site "Kuala Lumpur MAS"]
[Date "2011.08.23"]
[Round "8.29"]
[White "Siew, Kit-Tze Mark"]
[Black "Nguyen, Thi Mai Hung"]
[Result "1-0"]
[BlackTitle "WIM"]
[WhiteElo "1972"]
[BlackElo "2276"]
[WhiteFideId "5706017"]
[BlackFideId "12401676"]
[EventDate "2011.08.18"]

1. e4 c5 2. c3 g6 3. d4 cxd4 4. cxd4 d5 5. e5 Bg7 6. Nc3 Nc6 7. h3 f6 8. f4 Nh6
9. g4 Nf7 10. Bg2 e6 11. Nf3 g5 12. exf6 Bxf6 13. fxg5 Nxg5 14. Nxg5 Bxg5 15.
O-O Be7 16. Be3 Bd7 17. Qd2 Qc7 18. a3 Na5 19. Bf4 Nb3 20. Qe3 Qc4 21. Rad1 Kd8
22. Bg5 Bxg5 23. Qxg5+ Kc8 24. Nxd5 exd5 25. Rc1 Nxc1 26. Rxc1 Qxc1+ 27. Qxc1+
Bc6 28. Bxd5 Kd7 29. Bxc6+ bxc6 30. Qc5 a5 31. Kg2 a4 32. Kg3 Rhb8 33. Qf5+ Kd6
34. Qf6+ Kd7 35. Kh4 Rg8 36. Qf7+ Kd6 37. b3 axb3 38. Qxb3 Rg7 39. Qb4+ Kc7 40.
d5 Rd7 41. dxc6 Kxc6 42. Qe4+ Rd5 43. Qc4+ Kd6 44. Qf4+ Kc6 45. Qf6+ Kc5 46.
Qe7+ Kc6 47. Qe6+ Kc5 48. Qe7+ Kc6 49. Qxh7 Rxa3 50. Qh6+ Kb5 51. Qe6 Rd4 52.
Qe2+ Rc4 53. Qf1 Ra4 54. Kh5 Kc6 55. Qf3+ Kd6 56. Qg3+ Ke6 57. g5 Rf4 58. g6 Kd7
59. g7 Ra5+ 60. Kg6 Raf5 61. Qxf4 Rxf4 62. g8=Q Ke7 63. Kg5 Rf1 64. Qh7+ Kf8 65.
Qh8+ Kf7 66. Qd4 Kf8 67. h4 Rf7 68. Qh8+ Ke7 69. h5 Rf1 70. Qd4 Rf8 71. Qe5+ Kf7
72. Qd5+ Ke7 73. h6 Re8 74. h7 Rg8+ 75. Qxg8 1-0

[Event "Malaysian Open"]
[Site "Kuala Lumpur MAS"]
[Date "2011.08.23"]
[Round "8.30"]
[White "Zhai, Mo"]
[Black "Shinoda, Taro"]
[Result "1/2-1/2"]
[WhiteTitle "WFM"]
[WhiteElo "2198"]
[BlackElo "1897"]
[WhiteFideId "8600201"]
[BlackFideId "7001576"]
[EventDate "2011.08.18"]

1. e4 e5 2. Nf3 Nc6 3. Bb5 a6 4. Ba4 Nf6 5. O-O Be7 6. Re1 b5 7. Bb3 d6 8. c3
O-O 9. h3 Nb8 10. d4 Nbd7 11. Nbd2 Bb7 12. Bc2 Re8 13. a4 Bf8 14. Bd3 c6 15. b3
g6 16. Qc2 Nh5 17. Bf1 Nf4 18. g3 Ne6 19. Bb2 Bg7 20. h4 Qb6 21. Bh3 exd4 22.
cxd4 Ndf8 23. Qd3 c5 24. axb5 axb5 25. Bf1 Rxa1 26. Rxa1 Nxd4 27. Nxd4 cxd4 28.
Qxb5 Qxb5 29. Bxb5 Rb8 30. Bc4 Nd7 31. Ra5 Ra8 32. Rxa8+ Bxa8 33. f3 Nb6 34. Kf2
d5 35. exd5 Nxd5 36. Ba3 Ne3 37. Bc5 Bh6 38. f4 Bg7 39. b4 Bc6 40. Kg1 Bd5 41.
Bxd5 Nxd5 42. b5 Nc7 43. b6 Na6 44. b7 d3 45. Kf2 Bf8 46. Ba7 Bd6 47. Ke3 Kf8
48. Kxd3 Ke7 49. Kc4 Kd7 50. Kb5 Nb8 51. Nc4 Bc7 52. Ne5+ Ke6 53. Nc6 Nd7 54.
b8=Q Nxb8 55. Nxb8 Kf5 56. Na6 Bxf4 57. gxf4 Kxf4 58. Nb4 Kg3 59. Kc4 Kxh4 60.
Kd5 Kg4 61. Nd3 f5 62. Ne5+ Kg3 1/2-1/2

[Event "Malaysian Open"]
[Site "Kuala Lumpur MAS"]
[Date "2011.08.23"]
[Round "8.41"]
[White "Iskandar, Bin Abdullah"]
[Black "Ravry, Kazoune"]
[Result "1-0"]
[WhiteElo "1956"]
[BlackElo "1784"]
[WhiteFideId "5802105"]
[BlackFideId "667293"]
[EventDate "2011.08.18"]

1. d4 e6 2. c4 d5 3. Nc3 c6 4. Nf3 Bd6 5. e4 dxe4 6. Nxe4 Bc7 7. Bd3 Ne7 8. O-O
Nf5 9. Bg5 f6 10. Be3 O-O 11. Qc2 Nd7 12. Ng3 g6 13. Nxf5 exf5 14. Bh6 Re8 15.
Rae1 c5 16. Rxe8+ Qxe8 17. Re1 Qf7 18. Qe2 Bd6 19. Be3 b6 20. d5 Ne5 21. Nxe5
fxe5 22. Bd2 Bd7 23. f3 Qe7 24. a3 Re8 25. Qf2 Qf8 26. Re2 Qf6 27. Bc3 Qg5 28.
Qg3 Qxg3 29. hxg3 h5 30. b4 Kf7 31. Kf1 e4 32. fxe4 fxe4 33. Bxe4 Bxg3 34. bxc5
Bg4 35. Bxg6+ 1-0

[Event "Malaysian Open"]
[Site "Kuala Lumpur MAS"]
[Date "2011.08.23"]
[Round "8.44"]
[White "Loh, Zachary"]
[Black "Lee, T H Bryan"]
[Result "1/2-1/2"]
[WhiteElo "1769"]
[BlackElo "1988"]
[WhiteFideId "3210383"]
[BlackFideId "6000584"]
[EventDate "2011.08.18"]

1. d4 Nf6 2. c4 g6 3. Nc3 Bg7 4. e4 d6 5. Be2 O-O 6. Bg5 h6 7. Be3 e5 8. d5 a5
9. Qd2 Kh7 10. f3 Na6 11. g4 Ne8 12. h4 b6 13. O-O-O Nc5 14. Nh3 a4 15. Kb1 f5
16. h5 g5 17. gxf5 Bf6 18. Rdg1 Rg8 19. Nf2 Rg7 20. Ng4 Bd7 21. Rh2 Qe7 22. Rhg2
Rb8 23. Rg3 Ra8 24. Bf1 Rb8 25. Qc1 Ra8 26. Nd1 Rb8 27. Ndf2 b5 28. Nh3 bxc4 29.
Bxc4 a3 30. b3 Bb5 31. Bxb5 Rxb5 32. Nxf6+ Nxf6 33. Bxg5 hxg5 34. h6 Rg8 35.
Rxg5 Rxg5 36. Qxg5 Rb8 37. Qg6+ Kh8 38. Ng5 Rf8 39. Qg7+ Qxg7 40. hxg7+ Kxg7 41.
Ne6+ Kf7 42. Rg7+ Ke8 43. Nxf8 Kxf8 44. Rxc7 Nd3 45. Ra7 Ne1 46. Rxa3 Nxf3 47.
b4 Nd2+ 48. Kc2 Ndxe4 49. Rd3 Nf2 50. Rd2 N2e4 51. Re2 Ke7 52. Kd3 Ng3 53. Rg2
Nxf5 54. Rg5 e4+ 55. Kd2 Nd4 56. Rg7+ Kf8 57. Rb7 Nxd5 58. Rh7 Nxb4 59. Ke3 Ndc6
60. a3 Nd5+ 61. Kxe4 Nf6+ 62. Kf5 Nxh7 63. Ke6 1/2-1/2

[Event "Malaysian Open"]
[Site "Kuala Lumpur MAS"]
[Date "2011.08.23"]
[Round "8.45"]
[White "Klein, Gernot"]
[Black "Camilia, Bt. Johari"]
[Result "0-1"]
[WhiteElo "1919"]
[BlackElo "1753"]
[WhiteFideId "4695496"]
[BlackFideId "5704677"]
[EventDate "2011.08.18"]

1. e4 c6 2. d4 d5 3. Nd2 dxe4 4. Nxe4 Nd7 5. Bd3 Ngf6 6. Ng5 e6 7. N1f3 Bd6 8.
O-O h6 9. Ne4 Nxe4 10. Bxe4 O-O 11. c4 e5 12. dxe5 Nxe5 13. Nxe5 Bxe5 14. g3 Be6
15. Qe2 Qd4 16. Bd3 Rfd8 17. Rd1 Bxc4 18. Bf4 Bxf4 0-1

[Event "Malaysian Open"]
[Site "Kuala Lumpur MAS"]
[Date "2011.08.23"]
[Round "8.47"]
[White "Marret, Benjamin"]
[Black "Goundar, Sanmogam"]
[Result "1/2-1/2"]
[BlackTitle "CM"]
[WhiteElo "1821"]
[BlackElo "1934"]
[WhiteFideId "20605773"]
[BlackFideId "11400110"]
[EventDate "2011.08.18"]

1. Nf3 Nf6 2. d4 g6 3. Nbd2 Bg7 4. e3 O-O 5. b4 a5 6. b5 d6 7. a4 c5 8. c4 cxd4
9. exd4 Nbd7 10. Be2 b6 11. Bb2 Bb7 12. O-O Rc8 13. Ra3 Nh5 14. Qa1 Nf4 15. Re1
Nxe2+ 16. Rxe2 e6 17. Re1 Re8 18. Rae3 Nb8 19. h3 Bh6 20. Rc3 Nd7 21. Ne4 Bxe4
22. Rxe4 d5 23. cxd5 Rxc3 24. Bxc3 exd5 25. Re1 Nf6 1/2-1/2

[Event "Malaysian Open"]
[Site "Kuala Lumpur MAS"]
[Date "2011.08.23"]
[Round "8.48"]
[White "Tan, Fischer"]
[Black "Wolfaardt, Francois"]
[Result "0-1"]
[WhiteElo "1560"]
[BlackElo "1780"]
[WhiteFideId "5803187"]
[BlackFideId "14302578"]
[EventDate "2011.08.18"]

1. e4 e5 2. d4 exd4 3. Qxd4 Nc6 4. Qa4 Bc5 5. Nf3 Nf6 6. Bg5 O-O 7. Nc3 Re8 8.
Bb5 Ne5 9. Nxe5 Rxe5 10. f4 Re8 11. O-O-O c6 12. Be2 b5 13. Qb3 d6 14. f5 a5 15.
Nb1 Rxe4 16. Qf3 d5 17. Bd3 Re8 18. Rhe1 Be7 19. Re5 Nd7 20. Rxe7 Rxe7 21. Bxe7
Qxe7 22. Qh5 Qe3+ 23. Nd2 Nc5 24. Be2 Bxf5 25. Bxb5 g6 26. Qf3 Qxf3 27. Nxf3
cxb5 28. Rxd5 Rc8 29. Nd4 Be4 30. Rg5 b4 31. Nb5 Ne6 32. Re5 Rxc2+ 33. Kd1 Rc5
34. Rxe4 Rxb5 35. b3 Kg7 36. Re2 Rd5+ 37. Kc1 h5 38. g3 Kf6 39. Rf2+ Rf5 40. Rg2
Nc5 41. Kd2 g5 42. Ke3 g4 43. Kd4 Ne6+ 44. Kc4 Kg5 45. Re2 Rc5+ 46. Kd3 h4 47.
Ke4 hxg3 48. hxg3 f5+ 49. Kd3 Rc3+ 50. Kd2 Nd4 51. Re8 Rxg3 52. Rg8+ Kf4 53. Ra8
Nc6 54. Ra6 Rg2+ 55. Kd3 Ne5+ 56. Kd4 Rxa2 57. Re6 0-1

[Event "Malaysian Open"]
[Site "Kuala Lumpur MAS"]
[Date "2011.08.25"]
[Round "9.33"]
[White "Cai, Jiaying"]
[Black "Adeimi, Michel"]
[Result "1-0"]
[WhiteElo "2094"]
[BlackElo "1895"]
[WhiteFideId "8604312"]
[BlackFideId "689165"]
[EventDate "2011.08.18"]

1. e4 Nc6 2. d4 d5 3. e5 f6 4. f4 fxe5 5. fxe5 e6 6. Nf3 Nge7 7. Bg5 h6 8. Bh4
g5 9. Bf2 Bg7 10. Bd3 O-O 11. c3 Bd7 12. O-O Be8 13. Qc2 Bh5 14. Nbd2 Qe8 15. h3
Bg6 16. b4 Bxd3 17. Qxd3 Qg6 18. Qe2 Qh5 19. Kh2 Ng6 20. Ng1 Qxe2 21. Nxe2 Rf7
22. Be3 Raf8 23. g3 Nce7 24. Rxf7 Rxf7 25. Rf1 Nf5 26. Bg1 Rd7 27. g4 Nfe7 28.
Kg3 b6 29. Nb3 Nc6 30. Be3 Rf7 31. Rxf7 Kxf7 32. Nd2 a5 33. a3 Ke7 34. Nf3 Kf7
35. h4 gxh4+ 36. Nxh4 axb4 37. axb4 Nce7 38. Bc1 c5 39. bxc5 bxc5 40. Ba3 cxd4
41. cxd4 Bxe5+ 42. dxe5 Nxe5 43. Bc1 Nxg4 44. Kxg4 e5 45. Bxh6 Ke6 46. Bg7 d4
47. Kf3 Kd5 48. Ng3 Nc6 49. Ng6 Ke6 50. Bh8 Kd5 51. Ne4 Ke6 52. Bf6 d3 53. Bh8
Kf5 54. Nh4+ Ke6 55. Ke3 Nb4 56. Nf3 Nd5+ 57. Kxd3 Nf4+ 58. Ke3 Ng6 59. Bg7 Kf7
60. Bh6 Ke6 61. Nc3 Ne7 62. Ke4 Ng8 63. Bf8 Nf6+ 64. Ke3 Ng4+ 65. Kd3 Nf2+ 66.
Ke2 Ng4 67. Nh4 Kf6 68. Kf3 Kf7 69. Bd6 Ke6 70. Bb8 Nf6 71. Ne4 Nd7 72. Bc7 Nf8
73. Kg4 Kd5 74. Kf5 Ne6 75. Nf6+ Kc6 76. Bxe5 Nc5 77. Nf3 Nd3 78. Bd4 Kb5 79.
Ke4 Nc5+ 80. Kd5 Na4 81. Ne4 Nb6+ 82. Kd6 Nc4+ 83. Kc7 Na3 84. Ne5 Nc2 85. Bf2
Nb4 86. Kd6 Ka4 87. Kc5 Nc2 88. Kc4 Na3+ 89. Kc3 Nb5+ 90. Kb2 Ka5 91. Kb3 Ka6
92. Kb4 Nc7 93. Kc5 Ne6+ 94. Kd6 Nd8 95. Nc3 Nb7+ 96. Kc7 Na5 97. Bc5 Nb3 98.
Bb4 Nd4 99. Kd7 Kb7 100. Nd5 Nc2 101. Bc5 Ne1 102. Nb4 Ng2 103. Nc4 Nf4 104.
Na5+ Ka8 105. Bb6 Ng6 106. Nd5 Ne5+ 107. Kc8 Nc6 108. Nc7# 1-0